| Tag |
First Indicator |
Second Indicator |
Subfields |
| LEADER |
00000cam a2200000 a 4500 |
| 001 |
in00000023715 |
| 005 |
20151007054314.0 |
| 008 |
870615s1988 maua b 00110 eng |
| 010 |
|
|
|a 87016088
|
| 020 |
|
|
|a 020116129X :
|c $19.95
|
| 035 |
|
|
|a (OCoLC)17232505
|
| 035 |
|
|
|9 AAB4633AM
|
| 040 |
|
|
|a DLC
|c DLC
|d TXA
|d UtOrBLW
|
| 043 |
|
|
|a n-us---
|
| 049 |
|
|
|a TXAM
|c [A11501919]
|
| 050 |
0 |
0 |
|a HD70.U5
|b M413 1988
|
| 082 |
0 |
|
|a 338.7/4/0973
|2 19
|
| 100 |
1 |
|
|a Meek, Christopher B.
|q (Christopher Bishop),
|d 1949-
|
| 245 |
1 |
0 |
|a Managing by the numbers :
|b absentee ownership and the decline of American industry /
|c Christopher Meek, Warner Woodworth, and W. Gibb Dyer.
|
| 264 |
|
1 |
|a Reading, Mass. :
|b Addison-Wesley Pub. Co.,
|c [1988]
|
| 264 |
|
4 |
|c ©1988
|
| 300 |
|
|
|a ix, 293 pages :
|b illustrations ;
|c 25 cm.
|
| 336 |
|
|
|a text
|b txt
|2 rdacontent
|
| 337 |
|
|
|a unmediated
|b n
|2 rdamedia
|
| 338 |
|
|
|a volume
|b nc
|2 rdacarrier
|
| 504 |
|
|
|a Includes bibliographies and index.
|
| 650 |
|
0 |
|a Industrial management
|z United States.
|
| 650 |
|
0 |
|a Stock ownership
|z United States.
|
| 650 |
|
0 |
|a Consolidation and merger of corporations
|z United States.
|
| 650 |
|
0 |
|a Industrial concentration
|z United States.
|
| 650 |
|
0 |
|a Employee ownership
|z United States.
|
| 700 |
1 |
|
|a Woodworth, Warner.
|
| 700 |
1 |
|
|a Dyer, W. Gibb,
|c Jr.,
|d 1954-
|
| 999 |
|
|
|a MARS
|
| 999 |
f |
f |
|s fd3e378e-3ec2-3baa-b5b1-b3fa4e09ba4d
|i 553379c4-3029-3756-ad15-a93fe504285f
|t 0
|
| 952 |
f |
f |
|p ric
|a Texas A&M University
|b Rellis Campus
|c Joint Library Facility
|d Remote Storage
|t 0
|e HD70.U5 M413 1988
|h Library of Congress classification
|i unmediated -- volume
|m A14811501919
|
| 998 |
f |
f |
|a HD70.U5 M413 1988
|t 0
|l Remote Storage
|